000 01079nam a2200241Ia 4500
003 PE SENCICO BE
005 20251020182431.0
008 200515s9999 xx 000 0 und d
020 _a968-18-3322-8
040 _aPE SENCICO BE
_cPE SENCICO BE
041 _aspa
082 _a745.4
_bG48
100 1 _aGillam Scott, Robert
_92584
_eautor
245 1 0 _aFundamentos del diseño /
_cRobert Gillam Scott
260 _aMéxico, D.F. :
_bLimusa ;
_bNoriega ;
_c2002
300 _a194 p. :
_btbl., graf. ;
_c25 cm.
505 0 _aIntroducción: que es el diseño -- El contraste: sostén de la forma -- Organización de la figura -- Movimiento y equilibrio -- Proporción y ritmo -- Color: Control de pigmento y de tono -- La dinámica de color -- Relaciones de color -- Profundidad e ilusión plástica -- La organización tridimensional -- Luz y movimiento -- Conclusión: la unidad orgánica en el diseño
650 1 0 _aDiseño
_9965
650 2 0 _aComunicación visual
_9460
650 2 0 _aColor en el diseño
_91793
650 2 0 _aPercepción visual
_989
942 _cLIB
_2ddc
999 _c252
_d252